[Event "Madrid San Viator op-B 31st"]
[Site "Madrid"]
[Date "2019.09.29"]
[Round "3"]
[White "Perez Ramos, Miguel Angel"]
[Black "Vicioso Barbadillo, Juan J"]
[Result "1-0"]
[WhiteElo "1128"]
[BlackElo "1013"]
[PlyCount "59"]
[EventDate "2019.09.08"]
[EventType "swiss"]
[EventRounds "9"]
[EventCountry "ESP"]
[SourceTitle "EXT 2022"]
[Source "ChessBase"]
[SourceDate "2021.10.06"]
[SourceVersion "1"]
[SourceVersionDate "2021.10.06"]
[SourceQuality "1"]

1. e4 e6 2. Nf3 d5 3. exd5 Qxd5 4. Nc3 Qd6 5. Be2 Nf6 6. h3 Nc6 7. Nb5 Qe7 8. 0-0 a6 9. Nc3 Bd7 10. d4 0-0-0 11. a3 e5 12. Bg5 h6 13. Bh4 e4 14. Nd2 e3 15. fxe3 Qxe3+ 16. Bf2 Qe6 17. Nf3 Bd6 18. Re1 Qe7 19. Bxa6 bxa6 20. Rxe7 Nxe7 21. Qd3 Bf5 22. Qxa6+ Kd7 23. Qb5+ Nc6 24. Qxf5+ Ke8 25. Bh4 Be7 26. Qb5 Rd6 27. Bxf6 Rxf6 28. Re1 Kf8 29. d5 Na7 30. Qb8+ 1-0

[Event "Madrid San Viator op-B 31st"]
[Site "Madrid"]
[Date "2019.09.15"]
[Round "2"]
[White "Lopez Sanz, David"]
[Black "Perez Ramos, Miguel Angel"]
[Result "1-0"]
[WhiteElo "1411"]
[BlackElo "1128"]
[PlyCount "99"]
[EventDate "2019.09.08"]
[EventType "swiss"]
[EventRounds "9"]
[EventCountry "ESP"]
[SourceTitle "EXT 2022"]
[Source "ChessBase"]
[SourceDate "2021.10.06"]
[SourceVersion "1"]
[SourceVersionDate "2021.10.06"]
[SourceQuality "1"]

1. e4 e5 2. Nf3 Nc6 3. d4 d6 4. d5 Nce7 5. c4 Nf6 6. Nc3 c5 7. Be2 Ng6 8. 0-0 h6 9. Re1 Be7 10. a3 Nd7 11. b4 a6 12. bxc5 Nxc5 13. Be3 b6 14. Nd2 Bd7 15. Bh5 Nd3 16. Rf1 Bg5 17. Bxg6 fxg6 18. Bxg5 Qxg5 19. Nf3 Nb2 20. Qb3 Qd8 21. Qxb2 0-0 22. Rab1 Rb8 23. h3 g5 24. Nh2 Qc8 25. Qe2 Qc5 26. Rb3 b5 27. Rfb1 Rf6 28. cxb5 axb5 29. Nxb5 Rbf8 30. Rf3 h5 31. Rxf6 Rxf6 32. a4 g4 33. hxg4 hxg4 34. g3 Rh6 35. a5 Rf6 36. Nf1 Bxb5 37. Rxb5 Qd4 38. Ne3 Qa1+ 39. Kg2 Rh6 40. Qf1 Qa4 41. Nxg4 Qxe4+ 42. f3 Qc2+ 43. Qf2 Qxf2+ 44. Kxf2 Rg6 45. a6 e4 46. a7 exf3 47. a8Q+ Kh7 48. Rb8 Rxg4 49. Rh8+ Kg6 50. Qe8+ 1-0

[Event "Madrid-ch Seniors 65"]
[Site "Madrid"]
[Date "2019.01.25"]
[Round "5"]
[White "Perez Ramos, Miguel Angel"]
[Black "Lopez Oneto, Manuel"]
[Result "0-1"]
[WhiteElo "1131"]
[BlackElo "1563"]
[PlyCount "88"]
[EventDate "2019.01.21"]
[EventType "swiss"]
[EventRounds "7"]
[EventCountry "ESP"]
[SourceTitle "CBM 188 Extra"]
[Source "ChessBase"]
[SourceDate "2019.02.26"]
[SourceVersion "1"]
[SourceVersionDate "2019.02.26"]
[SourceQuality "1"]

1. e4 c5 2. Nf3 e6 3. c4 Nc6 4. Nc3 a6 5. a3 Qc7 6. d4 cxd4 7. Nxd4 Nf6 8. Be2 Be7 9. b4 Qe5 10. f4 Qxd4 11. Qxd4 Nxd4 12. Bd3 Nb3 13. Ra2 Nxc1 14. Rd2 Nb3 15. Rb2 Nd4 16. 0-0 d6 17. h3 0-0 18. Na4 Bd8 19. c5 Bd7 20. Nc3 dxc5 21. e5 Nh5 22. Ne4 f5 23. Nxc5 Bc6 24. Kh2 Bh4 25. Rg1 Bg3+ 26. Kh1 Bxf4 27. Bc4 Rfe8 28. Rd1 Rad8 29. Nxe6 Rxe6 30. Bxe6+ Nxe6 31. Rd6 Kf7 32. Rb3 Ng3+ 33. Kg1 Ke7 34. Rbd3 Bxe5 35. Rxe6+ Kxe6 36. Rxd8 Ke7 37. Rd1 Ne4 38. Rf1 Bd4+ 39. Kh2 Ke6 40. Rd1 Be5+ 41. Kg1 h5 42. Rd8 Bf6 43. Rd1 g5 44. Rc1 Bb2 0-1

[Event "Madrid-ch Seniors 65"]
[Site "Madrid"]
[Date "2019.01.24"]
[Round "4"]
[White "Perez Ramos, Miguel Angel"]
[Black "Perales Hernandez, Manuel"]
[Result "0-1"]
[WhiteElo "1131"]
[BlackElo "1333"]
[PlyCount "98"]
[EventDate "2019.01.21"]
[EventType "swiss"]
[EventRounds "7"]
[EventCountry "ESP"]
[SourceTitle "CBM 188 Extra"]
[Source "ChessBase"]
[SourceDate "2019.02.26"]
[SourceVersion "1"]
[SourceVersionDate "2019.02.26"]
[SourceQuality "1"]

1. e4 e5 2. Nf3 Nc6 3. Bc4 Bc5 4. d3 d6 5. Bd2 Nf6 6. h3 d5 7. exd5 Nxd5 8. Qe2 0-0 9. Bxd5 Qxd5 10. c4 Qd8 11. Nc3 Re8 12. 0-0 Bf5 13. Nd5 Nd4 14. Nxd4 exd4 15. Qf3 Bg6 16. Bf4 Rc8 17. Bg3 c6 18. Nf4 Qf6 19. a3 Bd6 20. b4 Bxf4 21. Bxf4 Bxd3 22. Rfc1 Be2 23. Qg3 Re4 24. Bg5 Qe6 25. f3 Re5 26. Bf4 Rf5 27. Ra2 Bxc4 28. Re1 Qxe1+ 29. Qxe1 Bxa2 30. Bd6 Be6 31. Qe4 Rd5 32. Bc5 d3 33. Qe1 d2 34. Qd1 Bf5 35. Be3 Bc2 36. Qxd2 Rxd2 37. Bxd2 Rd8 38. Be3 b6 39. Kf2 Rd3 40. Ke2 Rxa3 41. Bd2 a5 42. bxa5 bxa5 43. g4 f6 44. h4 c5 45. Bc1 Ra2 46. Kd2 a4 47. Kc3 Bd1 48. Bf4 Bxf3 49. Kc4 Rc2+ 0-1

[Event "Madrid-ch Seniors 50"]
[Site "Madrid"]
[Date "2019.01.08"]
[Round "2"]
[White "Perez Ramos, Miguel Angel"]
[Black "Tudela Garcia, Antonio"]
[Result "0-1"]
[WhiteElo "1131"]
[BlackElo "1568"]
[PlyCount "90"]
[EventDate "2019.01.07"]
[EventType "swiss"]
[EventRounds "9"]
[EventCountry "ESP"]
[SourceTitle "CBM 188 Extra"]
[Source "ChessBase"]
[SourceDate "2019.02.26"]
[SourceVersion "1"]
[SourceVersionDate "2019.02.26"]
[SourceQuality "1"]

1. d4 Nf6 2. c4 e6 3. Nc3 Bb4 4. Bd2 0-0 5. e4 Bxc3 6. Bxc3 Nxe4 7. Qc2 f5 8. Nf3 d5 9. Bd3 Nxc3 10. Qxc3 c6 11. Ne5 Nd7 12. cxd5 exd5 13. Nf3 Qe7+ 14. Be2 Nf6 15. 0-0 Ne4 16. Qc2 f4 17. Rae1 Qf6 18. Bd3 Bf5 19. Qd1 Rae8 20. Ne5 Re7 21. f3 Nd6 22. Bxf5 Nxf5 23. Ng4 Qd6 24. Rxe7 Qxe7 25. Re1 Qb4 26. Nf2 Qxb2 27. Nd3 Qxd4+ 28. Nf2 Qc5 29. Qe2 Ne3 30. Kh1 d4 31. Nd3 Qd6 32. Qb2 b6 33. Nf2 Qg6 34. Ng4 c5 35. Qb5 Qe6 36. Rg1 Qxa2 37. Qd7 Qf7 38. Qc6 Nxg4 39. fxg4 c4 40. h3 f3 41. Kh2 d3 42. Rf1 f2 43. Qe4 Re8 44. Qf3 Qxf3 45. gxf3 d2 0-1

[Event "Madrid-ch Seniors 50"]
[Site "Madrid"]
[Date "2019.01.07"]
[Round "1"]
[White "Barahona Torrijos, Angel"]
[Black "Perez Ramos, Miguel Angel"]
[Result "1-0"]
[WhiteElo "1735"]
[BlackElo "1131"]
[PlyCount "79"]
[EventDate "2019.01.07"]
[EventType "swiss"]
[EventRounds "9"]
[EventCountry "ESP"]
[SourceTitle "CBM 188 Extra"]
[Source "ChessBase"]
[SourceDate "2019.02.26"]
[SourceVersion "1"]
[SourceVersionDate "2019.02.26"]
[SourceQuality "1"]

1. d4 d5 2. Nf3 e6 3. Bg5 Be7 4. Bxe7 Qxe7 5. Nbd2 b6 6. e3 Bd7 7. Bd3 Nf6 8. 0-0 a6 9. c4 Nc6 10. Rc1 Nb4 11. Bb1 c5 12. Ne5 Nc6 13. Nxd7 Qxd7 14. dxc5 bxc5 15. Nb3 Qd6 16. cxd5 exd5 17. Nxc5 0-0 18. Ne4 Qe6 19. Nxf6+ Qxf6 20. Qxd5 Ne7 21. Qe4 g6 22. Qd4 Qe6 23. Rfd1 Rfd8 24. Qe4 Qxe4 25. Bxe4 Rab8 26. b3 f5 27. Bd3 a5 28. Kf1 Kf8 29. Ke2 Nd5 30. Bc4 Nb4 31. Rxd8+ Rxd8 32. a3 Nc6 33. Bb5 Ne5 34. Rc7 h5 35. Rc5 Ng4 36. f3 Nf6 37. Bc4 h4 38. Rxa5 Nh5 39. Ra7 Nf6 40. Rf7+ 1-0

[Event "Madrid-ch Previa-A"]
[Site "Madrid"]
[Date "2018.02.21"]
[Round "9"]
[White "Perez Ramos, Miguel Angel"]
[Black "Perales Hernandez, Manuel"]
[Result "0-1"]
[WhiteElo "1164"]
[BlackElo "1345"]
[PlyCount "102"]
[EventDate "2018.02.05"]
[EventType "swiss"]
[EventRounds "9"]
[EventCountry "ESP"]
[SourceTitle "EXT 2020"]
[Source "ChessBase"]
[SourceDate "2019.10.17"]
[SourceVersion "1"]
[SourceVersionDate "2019.10.17"]
[SourceQuality "1"]

1. Nf3 d5 2. d4 Bg4 3. Nc3 Bxf3 4. exf3 h6 5. Bd3 c6 6. Bf4 g5 7. Be5 f6 8. Bg6+ Kd7 9. Bg3 h5 10. h4 Rh6 11. Bf5+ e6 12. Bd3 f5 13. f4 g4 14. Qe2 Qb6 15. b3 Qxd4 16. Qd2 Bb4 17. 0-0-0 Bxc3 18. Qe3 Ba1 19. Qxd4 Bxd4 20. Bxf5 Bc3 21. Bd3 Ne7 22. Rhf1 a6 23. f3 Nf5 24. Bxf5 exf5 25. Rd3 Kc7 26. Rxc3 gxf3 27. Rfxf3 Nd7 28. Bf2 Rg8 29. g3 b6 30. Kb2 Nf6 31. Bd4 Ne4 32. Rce3 Rhg6 33. a3 c5 34. Be5+ Kc6 35. Bc3 d4 36. Bxd4 cxd4 37. Rd3 Kc5 38. Rd1 Rxg3 39. Rff1 R8g4 40. Ra1 Rxh4 41. a4 a5 42. Ka3 Rh2 43. Kb2 Kb4 44. Rfd1 Kc5 45. Rac1 h4 46. Rg1 Nf2 47. Kb1 Rxg1 48. Rxg1 Rh1 49. Rxh1 Nxh1 50. Kc1 h3 51. Kd1 Ng3 0-1

[Event "Madrid-ch Seniors 50"]
[Site "Madrid"]
[Date "2017.01.18"]
[Round "8"]
[White "Sierra Garcia, Ricardo"]
[Black "Perez Ramos, Miguel Angel"]
[Result "1-0"]
[WhiteElo "1454"]
[BlackElo "1188"]
[PlyCount "85"]
[EventDate "2017.01.09"]
[EventType "swiss"]
[EventRounds "9"]
[EventCountry "ESP"]
[SourceTitle "CBM 176 Extra"]
[Source "ChessBase"]
[SourceDate "2017.03.02"]
[SourceVersion "1"]
[SourceVersionDate "2017.03.02"]
[SourceQuality "1"]

1. e4 e5 2. Nf3 Nc6 3. Bb5 Bc5 4. 0-0 Nf6 5. Nc3 a6 6. Ba4 b5 7. Bb3 0-0 8. a3 Bb7 9. Ba2 Bd4 10. d3 Ne7 11. Ne2 c5 12. c3 Bxf2+ 13. Rxf2 Ng4 14. Rf1 d5 15. h3 Nf6 16. Ng3 Ng6 17. Bg5 Qb6 18. Bxf6 Qxf6 19. Nd2 Qe6 20. Nf5 c4 21. exd5 Bxd5 22. dxc4 bxc4 23. Ne3 Rac8 24. Nxd5 Qxd5 25. Nf3 Qc5+ 26. Kh1 Rfd8 27. b4 Qe3 28. Qe1 Qf4 29. Bb1 f5 30. Nh2 Qg5 31. Bxf5 Nf4 32. Qe4 Rc7 33. Ng4 Rf7 34. Rxf4 exf4 35. Be6 Qg6 36. Qxg6 hxg6 37. Rf1 g5 38. Bxc4 g6 39. Ne5 Rdf8 40. Nxf7 Kg7 41. Nxg5 Kh6 42. Ne6 Rc8 43. Rxf4 1-0

[Event "Madrid-ch Seniors 50"]
[Site "Madrid"]
[Date "2017.01.17"]
[Round "7"]
[White "Perez Ramos, Miguel Angel"]
[Black "Rufo Yebra, Benito"]
[Result "0-1"]
[WhiteElo "1188"]
[BlackElo "1352"]
[PlyCount "136"]
[EventDate "2017.01.09"]
[EventType "swiss"]
[EventRounds "9"]
[EventCountry "ESP"]
[SourceTitle "CBM 176 Extra"]
[Source "ChessBase"]
[SourceDate "2017.03.02"]
[SourceVersion "1"]
[SourceVersionDate "2017.03.02"]
[SourceQuality "1"]

1. e4 c5 2. Nf3 Nc6 3. c3 g6 4. d4 cxd4 5. cxd4 Bg7 6. Be2 e5 7. d5 Nd4 8. 0-0 Nxf3+ 9. Bxf3 d6 10. Be3 Bh6 11. Qd2 Bxe3 12. Qxe3 Bd7 13. Nc3 b6 14. h3 h5 15. Be2 a6 16. a4 g5 17. Bf3 g4 18. hxg4 hxg4 19. Bxg4 Bxg4 20. f3 Bd7 21. Kf2 Rh2 22. Rg1 Bh3 23. f4 Qh4+ 24. Qg3 Qxf4+ 25. Qxf4 exf4 26. Kf3 Bd7 27. Kxf4 Ke7 28. Kg3 Rh6 29. Kf4 Nf6 30. Rae1 Rg8 31. e5 Rh4+ 32. Kf3 dxe5 33. Rxe5+ Kd6 34. Ree1 Rh5 35. b3 Rgg5 36. Rh1 Rf5+ 37. Ke2 Rhg5 38. Rhg1 Nxd5 39. Ne4+ Kc7 40. Nxg5 Rxg5 41. Kd3 Be6 42. Kc2 Rg3 43. Kb2 Nb4 44. Rc1+ Kb7 45. Ka1 Rxb3 46. Rb1 Ra3+ 47. Kb2 Rxa4 48. g4 Nd3+ 49. Kc2 Nf4 50. g5 Bf5+ 51. Kb3 b5 52. Rbe1 Be6+ 53. Kc3 Rc4+ 54. Kd2 a5 55. Rc1 Re4 56. Rge1 Rd4+ 57. Ke3 Rb4 58. Rf1 Ng6 59. Rfd1 Rb3+ 60. Kd4 Kb6 61. Ke4 Rb4+ 62. Rd4 Rxd4+ 63. Kxd4 a4 64. Kc3 Ka5 65. Kb2 Ne5 66. Rc7 Kb4 67. Rc3 a3+ 68. Rxa3 Nc4+ 0-1

[Event "Madrid-ch Seniors 50"]
[Site "Madrid"]
[Date "2017.01.12"]
[Round "4"]
[White "Rodriguez Bachiller, Luis"]
[Black "Perez Ramos, Miguel Angel"]
[Result "1-0"]
[WhiteElo "1657"]
[BlackElo "1188"]
[PlyCount "87"]
[EventDate "2017.01.09"]
[EventType "swiss"]
[EventRounds "9"]
[EventCountry "ESP"]
[SourceTitle "CBM 176 Extra"]
[Source "ChessBase"]
[SourceDate "2017.03.02"]
[SourceVersion "1"]
[SourceVersionDate "2017.03.02"]
[SourceQuality "1"]

1. e4 c5 2. Nf3 f6 3. Bc4 e5 4. Nc3 Ne7 5. d3 Nbc6 6. a3 a6 7. Nh4 b5 8. Bd5 g6 9. 0-0 Qc7 10. f4 d6 11. f5 Bd7 12. fxg6 Bg7 13. Nf5 Nxf5 14. Bf7+ Kf8 15. exf5 Nd4 16. Nd5 Qb7 17. Ne3 Be8 18. Bd5 Bc6 19. Bxc6 Qxc6 20. c3 Nxf5 21. Nxf5 Qd7 22. Nxg7 Qxg7 23. Qf3 Re8 24. Qxf6+ Kg8 25. gxh7+ Rxh7 26. Qxg7+ Kxg7 27. Be3 Re6 28. Rf3 Kg6 29. Raf1 Rh5 30. Rg3+ Kh7 31. Rf7+ Kh8 32. Rfg7 Re8 33. Ra7 Rf8 34. Rxa6 Rhf5 35. h3 Rf1+ 36. Kh2 Rg8 37. Rxg8+ Kxg8 38. Rxd6 Re1 39. Bxc5 Rd1 40. Re6 Rxd3 41. Rxe5 Rd2 42. Bb4 Rxb2 43. Rxb5 Ra2 44. Rb7 1-0

[Event "Madrid-ch Seniors 50"]
[Site "Madrid"]
[Date "2017.01.10"]
[Round "2"]
[White "Villodre Miranda, Juan Alonso"]
[Black "Perez Ramos, Miguel Angel"]
[Result "1-0"]
[WhiteElo "1652"]
[BlackElo "1188"]
[PlyCount "74"]
[EventDate "2017.01.09"]
[EventType "swiss"]
[EventRounds "9"]
[EventCountry "ESP"]
[SourceTitle "CBM 176 Extra"]
[Source "ChessBase"]
[SourceDate "2017.03.02"]
[SourceVersion "1"]
[SourceVersionDate "2017.03.02"]
[SourceQuality "1"]

1. c4 e5 2. e4 Bc5 3. d3 Nc6 4. g3 Nd4 5. Bg2 c6 6. Nc3 a6 7. a4 Be7 8. h3 c5 9. Nge2 d6 10. Nxd4 cxd4 11. Ne2 Nf6 12. 0-0 a5 13. f4 b6 14. f5 Bb7 15. g4 Nd7 16. Ng3 Qc7 17. g5 f6 18. Qh5+ Kd8 19. h4 Nf8 20. Qf7 Nd7 21. Qxg7 Re8 22. Qxh7 fxg5 23. hxg5 Nc5 24. f6 Bf8 25. Qxc7+ Kxc7 26. Rf3 Bc8 27. Bf1 Bg4 28. Rf2 Nb3 29. Rb1 d5 30. exd5 Bb4 31. f7 Rf8 32. g6 Be1 33. Rg2 Rxf7 34. gxf7 Rf8 35. Be2 Bxe2 36. Nxe2 Rxf7 37. Bf4 Bb4 1-0

[Event "Madrid San Viator op-B 27th"]
[Site "Madrid"]
[Date "2016.10.16"]
[Round "5"]
[White "Perez Ramos, Miguel Angel"]
[Black "Perez Perez, Marta"]
[Result "0-1"]
[WhiteElo "1193"]
[BlackElo "1392"]
[PlyCount "104"]
[EventDate "2016.09.25"]
[EventType "swiss"]
[EventRounds "9"]
[EventCountry "ESP"]
[SourceTitle "EXT 2019"]
[Source "ChessBase"]
[SourceDate "2018.10.10"]
[SourceVersion "1"]
[SourceVersionDate "2018.10.10"]
[SourceQuality "1"]

1. e4 e5 2. Nf3 Nc6 3. Be2 Bc5 4. c3 Nf6 5. b4 Bb6 6. Qc2 d6 7. Na3 a6 8. d3 Bd7 9. Qd2 h6 10. Nc2 0-0 11. Qd1 Re8 12. Be3 Ba7 13. Bxa7 Rxa7 14. Ne3 Be6 15. 0-0 d5 16. exd5 Nxd5 17. Nxd5 Bxd5 18. a3 Qf6 19. c4 Be6 20. Qd2 Raa8 21. Qe3 Nd4 22. Nxd4 exd4 23. Qf3 Qxf3 24. Bxf3 Rab8 25. Rfe1 c6 26. Ra2 Bxc4 27. Rae2 Rxe2 28. Bxe2 Bd5 29. h3 Re8 30. Kf1 Kf8 31. Rc1 Bxg2+ 32. Kxg2 Rxe2 33. Rc4 Re5 34. Rxd4 Rd5 35. Rxd5 cxd5 36. Kf3 Ke7 37. Kf4 Ke6 38. d4 g6 39. h4 f6 40. Kg4 g5 41. hxg5 hxg5 42. f3 b6 43. f4 gxf4 44. Kxf4 f5 45. a4 Kf6 46. b5 axb5 47. axb5 Kg6 48. Kf3 Kg5 49. Kf2 Kg4 50. Kf1 Kf3 51. Kg1 Ke2 52. Kg2 f4 0-1

[Event "Madrid San Viator op-B 27th"]
[Site "Madrid"]
[Date "2016.09.25"]
[Round "1"]
[White "Ghavami, Mahmoud"]
[Black "Perez Ramos, Miguel Angel"]
[Result "1-0"]
[WhiteElo "1592"]
[BlackElo "1193"]
[PlyCount "91"]
[EventDate "2016.09.25"]
[EventType "swiss"]
[EventRounds "9"]
[EventCountry "ESP"]
[SourceTitle "EXT 2017"]
[Source "ChessBase"]
[SourceDate "2016.10.25"]
[SourceVersion "1"]
[SourceVersionDate "2016.10.25"]
[SourceQuality "1"]

1. d4 c6 2. Bf4 e6 3. Nf3 d5 4. e3 Nd7 5. Bd3 Be7 6. Nbd2 Ngf6 7. Bg3 a6 8. Ne5 Nxe5 9. dxe5 Ne4 10. Bxe4 dxe4 11. Nxe4 Qxd1+ 12. Rxd1 0-0 13. 0-0 b5 14. Rd3 a5 15. Rfd1 Ba6 16. h3 b4 17. Rd7 Bd8 18. Nd6 c5 19. f4 c4 20. Bf2 a4 21. Nxf7 Rxf7 22. Rxd8+ Rf8 23. Rxf8+ Rxf8 24. c3 Rb8 25. Rd2 Kf7 26. e4 Bb7 27. cxb4 Bxe4 28. Bc5 Bd5 29. a3 g6 30. Kf2 h6 31. g4 Rb7 32. Kg3 Rb8 33. Rf2 Bc6 34. f5 g5 35. fxe6+ Kxe6 36. Rf6+ Kd7 37. e6+ Kc7 38. Rf7+ Kc8 39. Rf8+ Kb7 40. Rxb8+ Kxb8 41. Bf8 Kc8 42. Bxh6 Kd8 43. Bxg5+ Ke8 44. e7 c3 45. bxc3 Bb5 46. Kf4 1-0